Разработка алгоритмов и программ расчета на ЭВМ технического отчета Томской ГРЭС-2; Алгоритмы и программы расчета показателей Томской ГРЭС-2: Заключительный отчет о НИР; Тема: х/д 6-28/80

Dades bibliogràfiques
Autor corporatiu: Томский политехнический институт (ТПИ) (595)
Altres autors: Татарников А. А. (руководитель), Тарабановский А. Т. (исполнитель)
Idioma:rus
Publicat: Томск, 1982
Matèries:
Format: Llibre
KOHA link:https://koha.lib.tpu.ru/cgi-bin/koha/opac-detail.pl?biblionumber=156370

MARC

LEADER 00000nbm0a2200000 4500
001 156370
005 20231031153113.0
029 0 0 |a SU  |b 81056134  |f ТПУ 
035 |a (RuTPU)RU\TPU\book\169610 
090 |a 156370 
100 |a 20090326d1982 k y0rusy50 ca 
101 0 |a rus 
102 |a RU 
105 |a a p 001zy 
200 1 |a Разработка алгоритмов и программ расчета на ЭВМ технического отчета Томской ГРЭС-2  |a Алгоритмы и программы расчета показателей Томской ГРЭС-2  |e Заключительный отчет о НИР  |e Тема: х/д 6-28/80  |f Томский политехнический институт (ТПИ) ; руководитель А. А. Татарников ; А. Т. Тарабановский 
210 |a Томск  |d 1982 
215 |a 115 л. 
320 |a Библиогр.: с. 115. 
610 1 |a отчеты о НИР 
610 1 |a алгоритмы 
610 1 |a программы 
610 1 |a расчеты 
610 1 |a пароводяной баланс 
610 1 |a технико-экономические показатели 
610 1 |a турбоагрегаты 
610 1 |a турбинные цеха 
610 1 |a оперативное управление 
610 1 |a оптимизация 
610 1 |a технические отчеты 
610 1 |a составление 
675 |a 621.311.22:658(04)  |v 3 
702 1 |a Татарников  |b А. А.  |4 673 
702 1 |a Тарабановский  |b А. Т.  |4 677 
712 0 2 |a Томский политехнический институт (ТПИ)  |c (1944-1991)  |2 stltpush  |3 (RuTPU)RU\TPU\col\1123  |4 595 
801 1 |a RU  |b 63413507  |c 20090326  |g PSBO 
942 |c BK